Community Trivia! Quiz Stats

 Plays Quiz not verified by Sporcle

Challenge
Share
Tweet
Embed
Score 0/33 Timer 10:00
1 Play Today
Question Answer % Correct
Who has a hidden gift for plumbing?Troy
88.2%
Who was the Paintball Assassin Last Man Standing?Jeff
87.6%
Britta pronounces this word strangelybagel
87.3%
Greendale's current mascotHuman Being
85.3%
Who cheated on the Spanish exam?Britta
84.7%
Has a doppelganger named JoeyAbed
81.6%
Who ratted out Senor Chang?Annie
81%
Number of times Pierce has been marriedSeven
77.8%
Shirley specializes in this type of baked goodBrownies
75.9%
Abed's father owns this type of restaurantfalafel
74.9%
Second semester blow-off class taken by Jeff, Annie and AbedBeginner Pottery
72.6%
Senor Chang's first nameBen
72.4%
Starburns' real first nameAlex
70.5%
Troy injured himself in high school doing one of thesekeg flip
67.7%
Senor Chang keeps getting what stolen from the Y?His clothes
66.9%
Britta dressed up as this for HalloweenSquirrel
66.4%
Abed once pretended to be this Mad Men characterDon Draper
65.2%
Question Answer % Correct
Annie was addicted to this drugAdderall
64.7%
Britta dropped out of high school to impress this bandRadiohead
63.7%
What Shirley actually dressed as for HalloweenHarry Potter
62%
The prize for Paintball Assassin Last Man StandingPriority registration
59.6%
Second semester blow-off class taken by Shirley, Troy, Pierce and BrittaSailing
57.9%
Dean Pelton's first nameCraig
56.3%
Abed calls hot cocoa mixed stirred into cold milk thisSpecial Drink
56%
Jeff hates this very popular TV showGlee
50.5%
Vaughn transferred to a college in which state?Delaware
47.1%
Dean Pelton has a fetish for...Dalmatians
45.6%
What everyone thought Shirley dressed as for HalloweenUrkel
40.9%
Class taught by Professor 'Seize the Day' WhitmanAccounting
31.9%
Troy and Annie went to this high schoolRiverside High
30.7%
Shirley's sons' namesElijah and Jordan
27.7%
Senor Chang's self-given nicknameEl Tigre Chino
26.8%
Name of the bully Jeff challenged to a fight at ChristmastimeMike
20.1%

You're not logged in!

Compare scores with friends on all Sporcle quizzes.
OR
Log In

You Might Also Like...

Show Comments

Extras

Created Sep 30, 2010ReportNominate
Tags:community

Top Quizzes Today


Score Distribution

Your Account Isn't Verified!

In order to create a playlist on Sporcle, you need to verify the email address you used during registration. Go to your Sporcle Settings to finish the process.

Report this User

Report this user for behavior that violates our Community Guidelines.

Details: